000 00464nam a22001697a 4500
008 130817b xxu||||| |||| 00| 0 eng d
020 _a9-7802-3028-5699
082 _221 ed.
_a346.022 MCK
100 _aMcKendrick, Ewan
245 _aContract law /
_c Ewan McKendrick
250 _a9 ed.
260 _aPalgrave Macmillan :
_bBasingstoke
_c2011
300 _axxxiii, 396 P. ;
_c24 cm.
500 _aIncludes Index
650 _aContract law
942 _2ddc
_cBK
999 _c5486
_d5486